LeBron James quiz - Statistics

General Stats
  • This quiz has been taken 331 times
  • The average score is 9 of 20
Answer Stats
Hint Answer % Correct
team he is on LA Lakers
100%
drafted team Cleveland Cavaliers
97%
team he won the most rings on Miami Heat
97%
rank on all time scoring list 1
72%
child in NBA Bronny James
69%
finals Apperances 10
63%
LeBron's height 6'9"
62%
food eaten on tuesdays Tacos
59%
who is better, LeGloriousGoat or JorGambler LeBron James
57%
LeWife Savannah James
46%
LeOffsprings 3
41%
team that has less wins than lebron New Orleans Pelicans
40%
song where one of the lyrics said by Bron Bron is Boom Boom Boom Boom First Day Out
23%
other team that has less wins than lebron Memphis Grizzlies
20%
who made the song Tee Grizzley
18%
teammate who played the most games with LeGoat (I'm jealous) Zydrunas Ilgauskas
13%
amount of people lucky enough to be a LeBron teammate 229
5%
highest win% with Bron Bron Eddy Curry
3%
amount of teammates with a 50% or higher win% when playing with LeBron 194
1%
181st highest win% with bron Issac Bonga
1%
No matching quizzes found
Score Distribution
Percent of People with Each Score
Percentile by Number Answered
Your Score History
You have not taken this quiz